<The> One Belt One Road project – <an> Instrument to Globalize the World Economy the Chinese Way

Základné zložky projektu OBOR a identifikácia možných scenárov vývoja. Zhodnotenie obchodných príležitostí a riziká v zmysle strategických očakávaní EÚ a čínskych spoločností.

Guardado en:
Detalles Bibliográficos
Autor principal: Baláž, Peter
Otros Autores: Královičová, Michaela, Bronček, Juraj
Formato: Capítulo de libro
Lenguaje:inglés
Materias:
Etiquetas: Agregar Etiqueta
Sin Etiquetas, Sea el primero en etiquetar este registro!

MARC

LEADER 00000nla a2200000 4500
001 0245551
005 20240502083654.7
041 0 |a eng 
044 |a CZ 
245 1 0 |a <The> One Belt One Road project – <an> Instrument to Globalize the World Economy the Chinese Way 
520 |a Základné zložky projektu OBOR a identifikácia možných scenárov vývoja. Zhodnotenie obchodných príležitostí a riziká v zmysle strategických očakávaní EÚ a čínskych spoločností. 
610 2 0 |a Čína 
610 2 0 |a Európska únia 
610 2 0 |a globalizácia hospodárstva 
610 2 0 |a konkurencieschopnosť 
610 2 0 |a obchod medzinárodný 
610 2 0 |a projekty medzinárodné 
100 1 |a Baláž, Peter 
700 1 |a Královičová, Michaela 
700 1 |a Bronček, Juraj